Statistiques concernant Quizz sur la Normandie ( Quizz on Normandy )

Cliquez ici pour prendre le quiz!

Statistiques générales

  • Ce quiz a été pris 165 fois
  • Le résultat moyen est 8 sur 10

Statistiques - réponses

QuestionRéponse% Correct
Quelle ville comporte une falaise mondialement connue ?Etretat
94%
Quelle ville est la préfecture de l'Eure ?Evreux
93%
Quelle ville est la préfecture du Calvados ?Caen
92%
A quelle département appartient le Mont Saint-Michel ?Manche
91%
Quelle ville est la préfecture de l'Orne ?Alençon
85%
Quelle départements a subi le débarquement de Normandie en 1944 ?Calvados
84%
Quelle ville est la préfecture de la Seine-maritimes ?Rouen
75%
Quelle ville comporte la maison de Claude Monet ?Giverni
62%
Quelle ville est la préfecture de la Manche ?Saint-Lô
49%
Dans quelle ville Edith Piaf a passé son enfance ?Bernay
36%

Distribution des résultats

Percentile par nombre de réponses

% des personnes avec chaque résultat

Votre développement - résultats

Vous n’avez pas pris ce quiz